[Event "Catalunya-ch Seniors"]
[Site "Andorra"]
[Date "2006.07.24"]
[Round "7"]
[White "Gil Clariana, Jorge"]
[Black "Tey Gali, Josep M"]
[Result "0-1"]
[WhiteElo "1979"]
[BlackElo "2008"]
[PlyCount "46"]
[EventDate "2006.07.18"]
[EventType "swiss"]
[EventRounds "9"]
[EventCountry "ESP"]
[SourceTitle "EXT 2019"]
[Source "ChessBase"]
[SourceDate "2018.10.10"]
[SourceVersion "1"]
[SourceVersionDate "2018.10.10"]
[SourceQuality "1"]

1. e4 Nf6 2. e5 Nd5 3. d4 d6 4. c4 Nb6 5. Bf4 Bf5 6. Nc3 e6 7. Be2 N8d7 8. b3 dxe5 9. dxe5 Bb4 10. Rc1 Nc5 11. Qxd8+ Rxd8 12. Kf1 0-0 13. g4 Bd3 14. Kg2 f6 15. Bf3 Bg6 16. Be2 Rd7 17. Nf3 Nd3 18. Bxd3 Rxd3 19. Ne2 Be4 20. Be3 Rfd8 21. Nf4 R3d7 22. h4 Bd2 23. Rcd1 Bxe3 0-1

[Event "Catalunya-ch Seniors"]
[Site "Andorra"]
[Date "2006.07.23"]
[Round "6"]
[White "Cardo Bornas, Ignasi"]
[Black "Gil Clariana, Jorge"]
[Result "1-0"]
[WhiteElo "2048"]
[BlackElo "1979"]
[PlyCount "51"]
[EventDate "2006.07.18"]
[EventType "swiss"]
[EventRounds "9"]
[EventCountry "ESP"]
[SourceTitle "EXT 2019"]
[Source "ChessBase"]
[SourceDate "2018.10.10"]
[SourceVersion "1"]
[SourceVersionDate "2018.10.10"]
[SourceQuality "1"]

1. d4 d5 2. c4 c6 3. e3 Nf6 4. Nf3 g6 5. Nc3 e6 6. Be2 Bg7 7. 0-0 0-0 8. a3 Nbd7 9. b4 Re8 10. Bb2 dxc4 11. Bxc4 Nb6 12. Bb3 Bd7 13. Rc1 Rc8 14. Ne5 Nfd5 15. Nd3 Rc7 16. Ne4 Nc8 17. Qe2 Re7 18. Qf3 Bf8 19. Qh3 f5 20. Ng5 h6 21. Nf3 Nd6 22. Nd2 Bg7 23. Rc2 a6 24. Rfc1 Kh7 25. Qg3 Qa8 26. Qxd6 1-0

[Event "Catalunya-ch Seniors"]
[Site "Andorra"]
[Date "2006.07.21"]
[Round "4"]
[White "Ferrer Dalmau, Josep Antonio"]
[Black "Gil Clariana, Jorge"]
[Result "0-1"]
[WhiteElo "1886"]
[BlackElo "1979"]
[PlyCount "58"]
[EventDate "2006.07.18"]
[EventType "swiss"]
[EventRounds "9"]
[EventCountry "ESP"]
[SourceTitle "EXT 2019"]
[Source "ChessBase"]
[SourceDate "2018.10.10"]
[SourceVersion "1"]
[SourceVersionDate "2018.10.10"]
[SourceQuality "1"]

1. d4 d5 2. c4 c6 3. Nc3 e6 4. Nf3 Nf6 5. Bg5 Be7 6. cxd5 exd5 7. e3 Bf5 8. Qb3 Qc8 9. Rc1 Be6 10. Bd3 0-0 11. Qc2 h6 12. h4 Qd8 13. Bf4 Nbd7 14. Ng5 Kh8 15. Nxe6 fxe6 16. h5 Ng4 17. Qe2 Ngf6 18. g4 Nh7 19. Bxh7 Kxh7 20. Qd3+ Kh8 21. Ke2 Nf6 22. g5 Ne4 23. Nxe4 dxe4 24. Qxe4 Bxg5 25. Bxg5 Qxg5 26. Rcg1 Qb5+ 27. Kd1 Rxf2 28. Rxg7 Qe2+ 29. Kc1 Qd2+ 0-1